000 00755nam a22002177a 4500
999 _c17205
_d17205
003 AR-CdUCM
008 190507b ||||| |||| 00| 0 spa d
040 _aMUNICIPALIDAD PROVINCIAL DEL CUSCO
_cBIBLIOTECA MUNICIPAL DEL CUSCO
082 _a891.42 /
_bA27
100 _aGorki, Máximo
_99896
245 _aEllos y nosotros /
260 _aBuenos Aires :
_bEd. Victoria,
300 _a154 paginas ;
_c18 cm.
505 _aContenido :Bajo las banderas rojas --Traidores --Los maliciosos --A los obreros y campesinos --A los humanistas --El solitario --El cinismo ...
650 _aLiteratura Rusa
_910457
650 _aEnsayos
_9375
650 _aSiglo XX
_98
700 _aRolland, Romain
_910292
942 _2ddc
_cLIBROS
945 _arjall
_d2019-05-07